00731cam a2200205 a 4500020002300000040000800023082002600031100001800057245007300075260004800148300003600196650002500232650002400257650002100281650002400302650001300326856006000339856006700399856005900466 a0471483850 (cloth) cDLC00a956 JOH 2004 A101 Or.1 aMoore, James,10aBush's war for reelection :bIraq, the White House, and the people / aHoboken, N.J. :bJohn Wiley & Sons,cc2004. axviii, 382 p. :bill. ;c24 cm. 0aPolitical corruption 0aIraq War, 2003-2011 0aPolitics and war 0aIraq War, 2003-2011 0aSoldiers42uhttp://www.loc.gov/catdir/bios/wiley046/2004002218.html42uhttp://www.loc.gov/catdir/description/wiley041/2004002218.html41uhttp://www.loc.gov/catdir/toc/ecip0414/2004002218.html